000 00859nam a22002897a 4500
001 00003653
003 DO-SdBNP
005 20180202094444.0
007 00003653
008 160608b 1992 sp 00| 0 spa d
020 _a84-01-49328-5
040 _aBPMSU
_bspa
_cBPMSU
041 1 7 _aspa
_heng
092 _axxxxx
_bxxxxx
100 1 _aAndrews, V. C.,
_d1923-1986.
240 1 0 _aGates of paradise.
_lEspañol
245 1 0 _aLas puertas del paraíso /
_cV. C. Andrews ; traducción de Lorenzo Cortina.
250 _a2a ed.
260 _aBarcelona :
_bPlaza & Janés,
_c1992.
300 _a362 p. ;
_c19 cm.
490 1 _aLos Jet de Plaza & Janés
_v182/8
700 _aCortina, Lorenzo,
_etr.
830 0 _pLos Jet de Plaza & Janés ;
_n182/8
942 _2ddc
_cBK
945 _aInventariado, 2018/ YL
956 _2LOPEREZ
_310
_620160608
_8BPMSU
_a00041
999 _c10310
_d10310